000 01046nam a22003257a 4500
003 CHAP
005 20220817041202.0
008 971013s1984 r 00010 d
010 _a8174
011 _a9146
035 _a8380
040 _cCHAP
090 _aTesis
100 0 0 _aPalomino Urbalejo, Guadalupe.
_985021
245 _aEvaluación de la dinámica del potasio en los suelos ácidos del sureste de Veracruz
260 _aChapingo, Méx. :
_bEl autor,
_c1984
300 _a121 h
502 _aTesis (Ing. Agr. Esp. en Suelos) -- UACH. Departamento de Suelos
590 _aALEPH
_b10
_c20130110
_lUCH01
_h1221
590 _aBATCH-UPD
_b10
_c20130110
_lUCH01
_h1850
590 _aCONVERSION
_b10
_c20130109
_lUCH01
_h1306
650 1 4 _aSuelos
_xAcidez.
_9110192
650 1 4 _aSuelos
_xPotasio en.
_9110462
650 1 4 _aSuelos
_zVeracruz.
_9110530
710 0 _aUACH. Departamento de Suelos.
901 _aBK
942 _cFOLL
949 _bBC
_cTES
_d-18566
_eTS1
_h26342
_i8380
_si
949 _bBC
_cTES
_d-18567
_eTS2
_fc.2
_h26343
_i8380
_si
999 _c8174
_d8174